000 01055nam0a22002771 4500
001 rc\2797160
005 20250529173213.0
035 _a(NLR Aleph) 006923205
090 _a7469142
_c7469142
100 _a20110915d1936 |||y0rusy50 ca
101 0 _arus
102 _aRU
105 _aa z |||||
200 1 _aПлодово-ягодный питомник
_fС. Егоров, И. Михайлов, Н. Рыбицкий
_gЛенингр. плодово-ягодная опыт. станция
210 _a[Ленинград]
_cЛеноблиздат
_d1936
_gтип. "Коминтерн"
215 _aОбл., 143 с.
_cил.
_d20х14 см.
700 1 _aЕгоров
_bС.
701 1 _aРыбицкий
_bН.А.
_gНиколай Антонович
701 1 _aМихайлов
_bИ. Г.
_cагроном
_f1903-
_gИван Гаврилович
_9160033
_3RU\NLR\AUTH\770160074
801 0 _aRU
_bNLR
_gpsbo
801 1 _aRU
_bELAR
_2rusmarc
801 2 _aRU
_bNLR
_c20160720
_2rusmarc
852 _aNLR
_j36-3/219
942 _cBOOK
980 _aNB